000 00565nam a2200229Ia 4500
003 OSt
005 20220918175500.0
006 a|||||r|||| 00| 0
007 ta
008 220917b |||||||| |||| 00| 0 eng d
024 _a17,510
037 _cTextual
040 _aARTS
_cARTS
_beng
041 _2eng
_aeng
082 _aQ8412:33, J8
100 _aLin Yu Tang tr & ed
_954071
245 0 _aWisdom of confucius
260 _c1958
650 _aRELIGION
942 _hQ8412:33, J8
_cTEXL
_2CC
999 _c157684
_d157684